Malayala kavyaparinamam: (Record no. 70472)

000 -LEADER
fixed length control field 00458nam a22001577a 4500
020 ## - INTERNATIONAL STANDARD BOOK NUMBER
International Standard Book Number 9789383570195
082 ## - DEWEY DECIMAL CLASSIFICATION NUMBER
Classification number M100 9
Item number SUR/M
100 ## - MAIN ENTRY--PERSONAL NAME
Personal name Suraja E M
9 (RLIN) 36228
245 ## - TITLE STATEMENT
Title Malayala kavyaparinamam:
Remainder of title vallatholinte sambaavana/
Statement of responsibility, etc. by Suraja E M
260 ## - PUBLICATION, DISTRIBUTION, ETC.
Place of publication, distribution, etc. Edapal:
Name of publisher, distributor, etc. Vallathjol Vidhyapeetham,
Date of publication, distribution, etc. 2015.
300 ## - PHYSICAL DESCRIPTION
Extent 32p.
650 ## - SUBJECT ADDED ENTRY--TOPICAL TERM
Topical term or geographic name entry element Poetry Criticism Malayalam
9 (RLIN) 36229
650 ## - SUBJECT ADDED ENTRY--TOPICAL TERM
Topical term or geographic name entry element Literature Malayalam
9 (RLIN) 36230
650 ## - SUBJECT ADDED ENTRY--TOPICAL TERM
Topical term or geographic name entry element Literature
9 (RLIN) 36231
942 ## - ADDED ENTRY ELEMENTS (KOHA)
Koha item type Book
Holdings
Withdrawn status Lost status Damaged status Not for loan Permanent Location Current Location Shelving location Date acquired Cost, normal purchase price Total Checkouts Full call number Barcode Date last seen Price effective from Koha item type
        Sree Sankaracharya University of Sanskrit Sree Sankaracharya University of Sanskrit Stacks 03.03.2018 35.00   M1009 SUR/M 087990 03.03.2018 03.03.2018 Book